Llibreta de camp : Aligot vesper (Pernis apivorus) : juliol 2019 / Aligot vesper (Pernis apivorus) : juliol 2019 /
Descripción Física:
36 pàgines ; 11 x 15 cm
Idioma:
Catalán
MARC
| LEADER | 00000nrm a22000007a 4500 | ||
|---|---|---|---|
| 001 | 27668 | ||
| 003 | Arxiu | ||
| 005 | 20260324181512.0 | ||
| 008 | 230411b spa||||| |||| 00| 0 cat d | ||
| 017 | |a B 14475-2019 | ||
| 040 | |a agdb |b cat | ||
| 110 | |9 9859 |a Parc del Garraf (Catalunya) | ||
| 245 | |a Llibreta de camp : |b Aligot vesper (Pernis apivorus) : juliol 2019 / |c Parc del Garraf | ||
| 260 | |a [Barcelona] : |b Diputació de Barcelona ; |c 2019 | ||
| 300 | |a 36 pàgines ; |c 11 x 15 cm | ||
| 500 | |a A la coberta: "30 anys (1989-2019) del seguiment de la migració al Garraf" | ||
| 650 | 0 | |2 Arxiu |9 22831 |a Material didàctic | |
| 655 | 0 | |9 54934 |a Llibretes | |
| 710 | 1 | |9 52730 |a Barcelona (Catalunya : Província). |b Gerència de Serveis d’Espais Naturals | |
| 710 | |9 56155 |a Barcelona (Catalunya : Província). |b Àrea d'Infraestructures, Mobilitat, Urbanisme, Habitatge i Espais Naturals | ||
| 942 | |2 udc |c ARXIU |n 1 | ||
| 952 | |0 0 |1 0 |2 udc |4 0 |6 NBM178 |7 1 |9 66036 |a Arxiu |b Arxiu |d 2023-04-11 |l 0 |o NBM-17-8 |p 27668 |r 2023-04-11 00:00:00 |w 2023-04-11 |y ARXIU | ||
| 999 | |c 83326 |d 83326 | ||